[Event "It (Open) Elancourt FRA"]
[Site "?"]
[Date "2006.04.23"]
[Round "9"]
[White "Vallobra Pierre"]
[Black "Benhamouda Fabrice"]
[Result "1/2-1/2"]
[WhiteElo "1670"]
[BlackElo "1610"]
[PlyCount "82"]
[EventDate "2006.??.??"]
[Source "www.chesslib.no"]
[SourceDate "2004.05.04"]

1. d4 d5 2. c4 e6 3. Nc3 Nf6 4. Bf4 Be7 5. e3 O-O 6. cxd5 Nxd5 7. Nxd5 exd5 8. a3 b6 9. Bd3 c5 10. dxc5 bxc5 11. Nf3 Nc6 12. O-O Bd6 13. Bb5 Ne7 14. Bxd6 Qxd6 15. b3 Rb8 16. Bd3 Be6 17. Rc1 Rfc8 18. Qc2 h6 19. Nd2 Qb6 20. Rb1 Nc6 21. f4 Nb4 22. axb4 cxb4 23. Bh7+ Kh8 24. Qd3 Rc3 25. Qd4 Qxd4 26. exd4 Kxh7 27. Nf3 f5 28. Rfe1 Rb6 29. Re2 Kg6 30. Ra2 a6 31. Ra5 Kf6 32. Kf1 g5 33. fxg5+ hxg5 34. Ke2 Rc2+ 35. Nd2 Rcc6 36. h4 gxh4 37. Rh1 Rc7 38. Rxh4 Rg7 39. Kf2 Rg4 40. Nf3 Rxh4 41. Nxh4 Rb8 1/2-1/2

[Event "sen.SVR-ch Senioren"]
[Site "?"]
[Date "2003.04.17"]
[Round "5"]
[White "Paetzold Horst"]
[Black "Schmidt Hans Georg"]
[Result "1-0"]
[WhiteElo "1666"]
[BlackElo "1589"]
[PlyCount "73"]
[EventDate "2003.??.??"]
[Source "www.chesslib.no"]
[SourceDate "2004.05.04"]

1. d4 d5 2. c4 e6 3. Nc3 Nf6 4. Bf4 c6 5. a3 Be7 6. e3 O-O 7. h3 Nbd7 8. Nf3 b6 9. Be2 Bb7 10. Rc1 Re8 11. b4 Bf8 12. c5 b5 13. O-O a5 14. Nxb5 axb4 15. Nc7 Rxa3 16. Nxe8 Qxe8 17. Rb1 Qa8 18. Rxb4 Ne4 19. Rb3 Nc3 20. Rxa3 Qxa3 21. Qc2 Nxe2+ 22. Qxe2 Ba6 23. Qd1 Bxf1 24. Qxf1 f6 25. Qb1 Qa7 26. Kh2 g6 27. Bg3 Kg7 28. e4 f5 29. exf5 exf5 30. Qe1 h6 31. Qe6 Qb7 32. Nh4 Nf6 33. Be5 Be7 34. Nf3 Bd8 35. h4 h5 36. Ng5 Qb2 37. Qf7+ 1-0

[Event "Corr"]
[Site "?"]
[Date "2000.05.12"]
[Round "?"]
[White "Donders Bart"]
[Black "Shook Ray"]
[Result "1/2-1/2"]
[WhiteElo "1601"]
[BlackElo "1643"]
[PlyCount "61"]
[EventDate "2000.??.??"]
[Source "www.chesslib.no"]
[SourceDate "2004.05.04"]

1. d4 d5 2. c4 e6 3. Nc3 Nf6 4. Bf4 Bd6 5. Bxd6 cxd6 6. cxd5 exd5 7. Nf3 O-O 8. e3 Bg4 9. Be2 a6 10. h3 Bh5 11. Qb3 b5 12. Nxd5 Nbd7 13. O-O Nxd5 14. Qxd5 Nf6 15. Qf5 Bg6 16. Qg5 Qd7 17. Nd2 Rac8 18. Rac1 Rfe8 19. Bg4 Nxg4 20. Qxg4 Qxg4 21. hxg4 Bd3 22. Rfe1 f6 23. Nb3 Bc4 24. Kh2 Kf7 25. Kg3 Ke7 26. Kf4 Bxb3 27. axb3 a5 28. e4 Red8 29. f3 Rxc1 30. Rxc1 Kd7 31. Ra1 1/2-1/2

[Event "It (Open) Elancourt FRA"]
[Site "?"]
[Date "2006.04.19"]
[Round "5"]
[White "Vallobra Pierre"]
[Black "De La Forest Divonne Herve"]
[Result "1-0"]
[WhiteElo "1670"]
[BlackElo "1450"]
[PlyCount "83"]
[EventDate "2006.??.??"]
[Source "www.chesslib.no"]
[SourceDate "2004.05.04"]

1. d4 d5 2. c4 e6 3. Nc3 Nf6 4. Bf4 b6 5. Nf3 Bd6 6. Bxd6 Qxd6 7. a3 c5 8. Nb5 Qe7 9. cxd5 Nxd5 10. e4 Nc7 11. dxc5 bxc5 12. Nd6+ Kf8 13. Nxc8 Qd7 14. Nd6 Nc6 15. Nc4 Rd8 16. Be2 Nd4 17. O-O Qb5 18. Nxd4 Rxd4 19. Qc2 Ke7 20. a4 Qb4 21. Ne5 Qb6 22. a5 Qd6 23. Nc4 Qc6 24. Bf3 g6 25. Qc1 h6 26. e5 Nd5 27. Rd1 Rxd1+ 28. Qxd1 Rd8 29. Qc1 g5 30. Qc2 Rh8 31. Rd1 Nb4 32. Bxc6 Nxc2 33. Rd7+ Kf8 34. Rxa7 Nd4 35. Be8 Rh7 36. Nd6 Nc6 37. Bxc6 Kg7 38. Rxf7+ Kg6 39. Be4+ Kh5 40. Rxh7 Kg4 41. g3 Kh5 42. Nf7 1-0

[Event "POR-ch U16W"]
[Site "Armacao de Pera"]
[Date "2001.04.10"]
[Round "4.4"]
[White "Poeira, Catia"]
[Black "Verissimo, Ana"]
[Result "1-0"]
[WhiteElo "1515"]
[BlackElo "1583"]
[PlyCount "98"]
[EventDate "2001.04.07"]
[Source "www.chesslib.no"]
[SourceDate "2004.05.04"]

1. d4 d5 2. c4 e6 3. Nc3 Nf6 4. Bf4 Nc6 5. e3 b6 6. Nf3 Bd6 7. Bxd6 Qxd6 8. cxd5 exd5 9. Bb5 O-O 10. O-O Ne7 11. Re1 Ng6 12. e4 dxe4 13. Nxe4 Nxe4 14. Rxe4 Qd5 15. Bd3 Bb7 16. Re1 Rfe8 17. Bxg6 fxg6 18. Qa4 Bc6 19. Qc2 Rac8 20. b3 Qd6 21. Ne5 Bb7 22. Qc4+ Bd5 23. Qc3 Rf8 24. Qd2 Rf5 25. Nd3 Bb7 26. Ne5 Rcf8 27. Re2 Qd5 28. f3 c5 29. Rd1 Re8 30. Ng4 Rxe2 31. Qxe2 cxd4 32. Qe8+ Rf8 33. Qe7 a5 34. Ne5 Rd8 35. Nc4 b5 36. Nxa5 Ba8 37. b4 d3 38. Qc5 Qxa2 39. Qxb5 Qe2 40. Qc4+ Kh8 41. Qc1 d2 42. Qb1 Re8 43. h3 Bxf3 44. gxf3 Qe1+ 45. Rxe1 Rxe1+ 46. Qxe1 dxe1=Q+ 47. Kg2 Qxb4 48. Nc6 Qd2+ 49. Kg1 Qc1+ 1-0

[Event "Landesliga Ost2 0102"]
[Site "?"]
[Date "2002.02.03"]
[Round "5.7"]
[White "Nickel Udo"]
[Black "Platz Thomas"]
[Result "1-0"]
[WhiteElo "1670"]
[BlackElo "1376"]
[PlyCount "35"]
[EventDate "2002.??.??"]
[Source "www.chesslib.no"]
[SourceDate "2004.05.04"]

1. d4 d5 2. c4 e6 3. Nc3 Nf6 4. Bf4 Bb4 5. e3 O-O 6. Bd3 Nbd7 7. Qc2 b6 8. Nf3 h6 9. O-O Bb7 10. Ne5 Nh5 11. Nxd7 Qxd7 12. Be5 dxc4 13. Be2 Nf6 14. Bxf6 gxf6 15. Ne4 Be7 16. Bf3 c6 17. Qxc4 Qd5 18. Nxf6+ 1-0

[Event "POR-ch (Women)"]
[Site "?"]
[Date "2002.07.21"]
[Round "2.6"]
[White "Poeira Catia"]
[Black "Afonso Sara"]
[Result "1/2-1/2"]
[WhiteElo "1477"]
[BlackElo "1534"]
[PlyCount "60"]
[EventDate "2002.??.??"]
[Source "www.chesslib.no"]
[SourceDate "2004.05.04"]

1. d4 d5 2. c4 e6 3. Nc3 Nf6 4. Bf4 c6 5. e3 Bd6 6. Bxd6 Qxd6 7. Nf3 Qd8 8. cxd5 exd5 9. Bd3 Nbd7 10. O-O O-O 11. Re1 Re8 12. h3 h6 13. e4 dxe4 14. Nxe4 Nxe4 15. Bxe4 Nf6 16. Bc2 Rxe1+ 17. Qxe1 Be6 18. Qb4 Qc7 19. Bb3 Bxb3 20. Qxb3 Re8 21. Rd1 Qb6 22. Qc2 Qa6 23. a3 Qe2 24. Qb3 Ne4 25. Re1 Qxf2+ 26. Kh2 Qg3+ 27. Kg1 Qf2+ 28. Kh2 Qg3+ 29. Kg1 Qf2+ 30. Kh2 Qg3+ 1/2-1/2

[Event "FRA-chT 0102 U18"]
[Site "?"]
[Date "2002.??.??"]
[Round "6.9"]
[White "Godel Wenceslas"]
[Black "Schaeffer Vincent"]
[Result "1/2-1/2"]
[WhiteElo "1310"]
[BlackElo "1650"]
[PlyCount "108"]
[EventDate "2002.??.??"]
[Source "www.chesslib.no"]
[SourceDate "2004.05.04"]

1. d4 d5 2. c4 e6 3. Nc3 Nf6 4. Bf4 Be7 5. Nb5 Na6 6. Nf3 c6 7. Nc3 O-O 8. e3 Nc7 9. Bd3 dxc4 10. Bxc4 Ncd5 11. Nxd5 Nxd5 12. Bg3 Bd7 13. O-O Bf6 14. Be5 Bxe5 15. Nxe5 Rc8 16. Nxd7 Qxd7 17. Rc1 Rfe8 18. Bxd5 cxd5 19. Qd2 e5 20. Rfe1 h6 21. Rxc8 Qxc8 22. Rc1 Qd7 23. dxe5 Rxe5 24. Rc5 b6 25. Rc3 Rg5 26. Qd4 Qh3 27. g3 Rh5 28. Qd3 Qxh2+ 29. Kf1 Qh3+ 30. Ke1 Re5 31. Rc7 Qe6 32. Rxa7 Qc8 33. Kd2 Re8 34. Qa6 Qxa6 35. Rxa6 Re6 36. Kd3 Kh7 37. f3 Kg6 38. Ra4 f5 39. g4 fxg4 40. Rxg4+ Kf7 41. Rf4+ Ke7 42. e4 dxe4+ 43. Rxe4 Rxe4 44. Kxe4 Ke6 45. b4 g5 46. a4 h5 47. a5 bxa5 48. bxa5 Kd6 49. Kf5 h4 50. Kg4 Kc7 51. f4 gxf4 52. Kxf4 h3 53. Kg3 Kb7 54. Kxh3 Ka6 1/2-1/2

[Event "Corr"]
[Site "?"]
[Date "2001.10.11"]
[Round "?"]
[White "Lixa Alberto JP"]
[Black "Filgueira Horacio"]
[Result "1-0"]
[WhiteElo "1521"]
[BlackElo "1419"]
[PlyCount "61"]
[EventDate "2001.??.??"]
[Source "www.chesslib.no"]
[SourceDate "2004.05.04"]

1. d4 d5 2. c4 e6 3. Nc3 Nf6 4. Bf4 c6 5. e3 Bd6 6. Bxd6 Qxd6 7. c5 Qc7 8. f4 Nbd7 9. Bd3 O-O 10. Nf3 b6 11. b4 bxc5 12. bxc5 Qa5 13. Rc1 Ng4 14. Qe2 f5 15. O-O Rb8 16. h3 Ngf6 17. Ng5 Re8 18. Qf2 Nf8 19. Qc2 h6 20. Nf3 Ng6 21. Ne5 Nxe5 22. fxe5 Ne4 23. Nxe4 fxe4 24. Qf2 Qc7 25. Be2 Rb2 26. Qe1 Rxa2 27. Ra1 Rb2 28. Bh5 Rf8 29. Rxf8+ Kxf8 30. Qc3 Re2 31. Bxe2 1-0

[Event "It (Open) Bad Zwesten GER"]
[Site "?"]
[Date "2006.01.??"]
[Round "7"]
[White "Mueller Rene"]
[Black "Mueller Berthold"]
[Result "0-1"]
[WhiteElo "1268"]
[BlackElo "1565"]
[PlyCount "36"]
[EventDate "2006.??.??"]
[Source "www.chesslib.no"]
[SourceDate "2004.05.04"]

1. d4 d5 2. c4 e6 3. Nc3 Nf6 4. Bf4 a6 5. e3 c5 6. Nf3 Nbd7 7. Qc2 Be7 8. O-O-O dxc4 9. Bxc4 b5 10. Be2 O-O 11. h3 Qb6 12. Ne5 Bb7 13. Rhg1 Rac8 14. Kb1 cxd4 15. exd4 Qa5 16. Qd2 b4 17. Nc4 Qf5+ 18. Bd3 bxc3 0-1

[Event "Steinfurt"]
[Site "?"]
[Date "2005.03.12"]
[Round "8.3"]
[White "Bloemker Stephan"]
[Black "Hoesker Lothar"]
[Result "0-1"]
[WhiteElo "1291"]
[BlackElo "1509"]
[PlyCount "78"]
[EventDate "2005.??.??"]
[Source "www.chesslib.no"]
[SourceDate "2004.05.04"]

1. d4 d5 2. c4 e6 3. Nc3 Nf6 4. Bf4 Bd6 5. Bg3 a6 6. c5 Be7 7. e3 Bd7 8. Nf3 Nc6 9. a3 O-O 10. Bd3 g6 11. O-O Nh5 12. b4 Bf6 13. Ne2 Nxg3 14. fxg3 Bg7 15. Nf4 Be8 16. Bc2 Qe7 17. Re1 f5 18. h3 Bf6 19. Ba4 Nd8 20. Ne5 Bxe5 21. dxe5 c6 22. g4 Qg5 23. Qf3 fxg4 24. Qxg4 Qxg4 25. hxg4 Bd7 26. g3 Nf7 27. Kh2 Nxe5 28. Kh3 Rf7 29. Bc2 Raf8 30. a4 Nc4 31. e4 g5 32. Nd3 Kg7 33. exd5 exd5 34. Bb3 h5 35. Bxc4 hxg4+ 36. Kg2 dxc4 37. Ne5 Rf2+ 38. Kg1 Be6 39. Rac1 Bd5 0-1

[Event "Euro Chess Tournament"]
[Site "?"]
[Date "2005.08.10"]
[Round "5"]
[White "Hall Girish van"]
[Black "Nap Rowan"]
[Result "0-1"]
[WhiteElo "1191"]
[BlackElo "1600"]
[PlyCount "78"]
[EventDate "2005.??.??"]
[Source "www.chesslib.no"]
[SourceDate "2004.05.04"]

1. d4 d5 2. c4 e6 3. Nc3 Nf6 4. Bf4 Nbd7 5. e3 Bb4 6. Nge2 O-O 7. a3 Bxc3+ 8. Nxc3 c6 9. Be2 Re8 10. Bd6 Nf8 11. c5 Ng6 12. O-O e5 13. dxe5 Nxe5 14. Qd4 Ng6 15. Bd3 Ne7 16. Be5 Nf5 17. Bxf5 Bxf5 18. Bxf6 Qxf6 19. Qxf6 gxf6 20. Rae1 Bd3 21. Ne2 d4 22. Kh1 dxe3 23. fxe3 Rxe3 24. Rf2 Rae8 25. Rxf6 Rxe2 26. Rxe2 Rxe2 27. h3 Be4 28. Rd6 Rxg2 29. Rd8+ Kg7 30. Rb8 a6 31. Re8 Re2+ 32. Kg1 Bd3 33. Rb8 Rxb2 34. Rd8 Bf5 35. h4 Rb5 36. Rb8 Rxc5 37. Rxb7 Rc3 38. Rc7 Be4 39. Re7 Bd5 0-1

[Event "Kranenburg"]
[Site "?"]
[Date "2005.03.31"]
[Round "5.11"]
[White "Karthaeuser Johannes"]
[Black "Schauerte Benedikt"]
[Result "0-1"]
[WhiteElo "1320"]
[BlackElo "1382"]
[PlyCount "90"]
[EventDate "2005.??.??"]
[Source "www.chesslib.no"]
[SourceDate "2004.05.04"]

1. d4 d5 2. c4 e6 3. Nc3 Nf6 4. Bf4 Nbd7 5. e3 c6 6. Nf3 Be7 7. Be2 Nh5 8. Be5 Nhf6 9. O-O Nf8 10. a3 Ng6 11. b4 dxc4 12. Bxc4 O-O 13. h3 Nd5 14. Rc1 Nxe5 15. Nxe5 a5 16. b5 cxb5 17. Nxb5 b6 18. Qf3 Ba6 19. a4 Bxb5 20. Bxb5 Nc7 21. Nd7 Nxb5 22. Nxf8 Nd6 23. Nd7 Ra7 24. Nxb6 Qxb6 25. Rb1 Qd8 26. Rb2 Nc4 27. Rc2 Nd6 28. Rb1 Ra8 29. e4 Rb8 30. Rbc1 Rc8 31. Rc5 Rxc5 32. dxc5 Qc8 33. Qf4 Nb7 34. c6 Nc5 35. c7 Nd3 36. Qd2 Nxc1 37. Qxc1 Bd6 38. g3 Qxc7 39. Qd2 Ba3 40. Qa2 Bc5 41. Qb3 Qe5 42. Qb5 Qxg3+ 43. Kh1 Qf3+ 44. Kh2 Qxf2+ 45. Kh1 Qg1# 0-1

[Event "GRE-ch U10"]
[Site "?"]
[Date "2000.04.22"]
[Round "1.2"]
[White "Iskos Alexandros"]
[Black "Stefanatos Hrisostomos"]
[Result "1-0"]
[WhiteElo "1540"]
[BlackElo "1145"]
[PlyCount "43"]
[EventDate "2000.??.??"]
[Source "www.chesslib.no"]
[SourceDate "2004.05.04"]

1. d4 d5 2. c4 e6 3. Nc3 Nf6 4. Bf4 Nc6 5. Nf3 Bd6 6. Bg5 O-O 7. Bxf6 Qxf6 8. cxd5 exd5 9. Nxd5 Qd8 10. Nc3 Re8 11. e3 Bg4 12. a3 Qd7 13. Bd3 Nxd4 14. Bxh7+ Kxh7 15. Qxd4 Re7 16. Ng5+ Kg8 17. Nge4 Rae8 18. Nxd6 cxd6 19. Qxa7 d5 20. Qd4 Qc6 21. Qxg4 Qf6 22. Nxd5 1-0

[Event "GER-chT U20 Girls"]
[Site "?"]
[Date "2001.12.29"]
[Round "6.3"]
[White "Rosenkranz Maria"]
[Black "Fluck Anna Maria"]
[Result "0-1"]
[WhiteElo "1288"]
[BlackElo "1355"]
[PlyCount "44"]
[EventDate "2001.??.??"]
[Source "www.chesslib.no"]
[SourceDate "2004.05.04"]

1. d4 d5 2. c4 e6 3. Nc3 Nf6 4. Bf4 c5 5. e3 Nc6 6. cxd5 Nxd5 7. Nxd5 Qxd5 8. dxc5 Qxc5 9. Nf3 Qa5+ 10. Nd2 Bb4 11. a3 Bxd2+ 12. Qxd2 Qxd2+ 13. Kxd2 O-O 14. Bc7 e5 15. Bb5 f6 16. Bxc6 bxc6 17. Rac1 Bb7 18. Rc5 Rf7 19. Ba5 Rd7+ 20. Kc3 Rd5 21. Rxd5 cxd5 22. g3 d4+ 0-1

[Event "Sandefjord"]
[Site "?"]
[Date "2003.01.13"]
[Round "1"]
[White "Sundby Morten"]
[Black "Nielsen Lars Erik"]
[Result "1-0"]
[WhiteElo "1231"]
[BlackElo "1391"]
[PlyCount "71"]
[EventDate "2003.??.??"]
[Source "www.chesslib.no"]
[SourceDate "2004.05.04"]

1. d4 d5 2. c4 e6 3. Nc3 Nf6 4. Bf4 Nh5 5. Be5 f6 6. e3 g6 7. g4 fxe5 8. gxh5 e4 9. Qe2 c6 10. Bh3 Qf6 11. cxd5 Bb4 12. Qc4 Bxc3+ 13. Qxc3 O-O 14. Qc2 exd5 15. Bxc8 Rxc8 16. Nh3 Qf3 17. Rg1 Qxh3 18. hxg6 h6 19. O-O-O Rf8 20. Qc5 Qe6 21. g7 Rf7 22. Rg3 Na6 23. Qc2 Nb4 24. Qe2 Nd3+ 25. Kb1 Rxf2 26. Qh5 Rxb2+ 27. Ka1 Rf2 28. Rg6 Rxh2 29. Qxh2 Qxg6 30. Rg1 Qf6 31. Qh3 Qf2 32. Qe6+ Kh7 33. Qg6+ Kg8 34. Qe6+ Qf7 35. Qxh6 Qe8 36. Rf1 1-0

[Event "GER-ch U12"]
[Site "?"]
[Date "2001.06.06"]
[Round "7"]
[White "Schengel Soeren"]
[Black "Gordonov Daniil"]
[Result "1-0"]
[WhiteElo "1135"]
[BlackElo "1416"]
[PlyCount "71"]
[EventDate "2001.??.??"]
[Source "www.chesslib.no"]
[SourceDate "2004.05.04"]

1. d4 d5 2. c4 e6 3. Nc3 Nf6 4. Bf4 Be7 5. Nf3 Nbd7 6. e3 b6 7. Bd3 c5 8. Nb5 O-O 9. Bc7 Qe8 10. Nd6 Bxd6 11. Bxd6 cxd4 12. Bxf8 Nxf8 13. exd4 Ba6 14. Rc1 Rc8 15. Qe2 Qc6 16. Ne5 Qa4 17. b3 Qb4+ 18. Qd2 Qxd2+ 19. Kxd2 N8d7 20. Nxd7 Nxd7 21. cxd5 Rxc1 22. Rxc1 Bxd3 23. Kxd3 exd5 24. Rc7 Nf8 25. Rxa7 h6 26. Rb7 Ne6 27. Rxb6 Nf4+ 28. Kc2 Nxg2 29. a4 Nf4 30. a5 Ne6 31. Kc3 Kf8 32. a6 Nc7 33. a7 Ke7 34. Rb8 Kd6 35. a8=Q Nxa8 36. Rxa8 1-0

[Event "Corr"]
[Site "?"]
[Date "1999.09.11"]
[Round "?"]
[White "Duncan Warren L"]
[Black "Kunakov Oleg"]
[Result "0-1"]
[WhiteElo "1243"]
[BlackElo "1300"]
[PlyCount "48"]
[EventDate "1999.??.??"]
[Source "www.chesslib.no"]
[SourceDate "2004.05.04"]

1. d4 d5 2. c4 e6 3. Nc3 Nf6 4. Bf4 Be7 5. Nb5 c6 6. Nc7+ Qxc7 7. Bxc7 Bb4+ 8. Qd2 Bxd2+ 9. Kxd2 dxc4 10. f3 b5 11. a3 Na6 12. Bd6 Bb7 13. e3 Rd8 14. Be5 Nc5 15. Ke2 Nd3 16. Rb1 Nxe5 17. dxe5 Nd7 18. f4 Nc5 19. Kf3 Ne4 20. Rc1 Rd2 21. Ne2 Rxb2 22. Nc3 Nd2+ 23. Kg3 Rb3 24. Na2 Rxe3+ 0-1

[Event "Kranenburg"]
[Site "?"]
[Date "2005.03.29"]
[Round "3.9"]
[White "Karthaeuser Johannes"]
[Black "Rozenfeld Elisabeth"]
[Result "0-1"]
[WhiteElo "1320"]
[BlackElo "1153"]
[PlyCount "86"]
[EventDate "2005.??.??"]
[Source "www.chesslib.no"]
[SourceDate "2004.05.04"]

1. d4 d5 2. c4 e6 3. Nc3 Nf6 4. Bf4 Bb4 5. e3 O-O 6. Nf3 Ne4 7. Qc2 Nc6 8. Bd3 Qe7 9. Bxe4 dxe4 10. Qxe4 f6 11. O-O Re8 12. Nb5 e5 13. dxe5 fxe5 14. Bg3 a6 15. Nc3 Bxc3 16. bxc3 g6 17. Rfd1 Bf5 18. Qd5+ Kg7 19. h4 Rad8 20. Bxe5+ Kf8 21. Bd6 Rxd6 22. Qc5 Rxd1+ 23. Rxd1 Qxc5 24. Ng5 Kg7 25. e4 Bxe4 26. Rd7+ Kf6 27. Nxh7+ Ke6 28. Rxc7 Qxc4 29. Rxb7 Qxc3 30. Ng5+ Kd6 31. Rb6 Qc1+ 32. Kh2 Qf4+ 33. Kg1 Qxh4 34. Nh3 g5 35. Rxa6 Rf8 36. f3 Bxf3 37. gxf3 Qg3+ 38. Kf1 Rxf3+ 39. Ke2 Qg2+ 40. Nf2 Qxf2+ 41. Kd1 Rh3 42. Rxc6+ Kxc6 43. a3 Rh1# 0-1

[Event "Corr"]
[Site "?"]
[Date "2001.12.30"]
[Round "?"]
[White "Phillips David A"]
[Black "Odonel Rodrigues Paulo"]
[Result "0-1"]
[WhiteElo "1247"]
[BlackElo "1200"]
[PlyCount "62"]
[EventDate "2001.??.??"]
[Source "www.chesslib.no"]
[SourceDate "2004.05.04"]

1. d4 d5 2. c4 e6 3. Nc3 Nf6 4. Bf4 Bb4 5. e3 O-O 6. Nf3 Nc6 7. Bd3 dxc4 8. Bxc4 Nd5 9. Bxd5 Bxc3+ 10. bxc3 exd5 11. O-O Bf5 12. Qb3 Na5 13. Qb4 b6 14. Rac1 Re8 15. Rfe1 Nc4 16. h3 Qd7 17. Nh4 Be4 18. f3 Bd3 19. g4 h6 20. Nf5 Bxf5 21. gxf5 Qxf5 22. Kh2 Nd2 23. Kg3 Re6 24. Rg1 Qh5 25. Rcf1 Rg6+ 26. Kh2 Rxg1 27. Rxg1 Nxf3+ 28. Kg2 Nxg1 29. Kxg1 Qxh3 30. Qe7 Rc8 31. Bxc7 Qe6 0-1

[Event "BJEM-ch U14"]
[Site "?"]
[Date "2001.03.02"]
[Round "3"]
[White "Uhl Philipp"]
[Black "Loerincz Benjamin"]
[Result "1-0"]
[WhiteElo "1258"]
[BlackElo "1124"]
[PlyCount "117"]
[EventDate "2001.??.??"]
[Source "www.chesslib.no"]
[SourceDate "2004.05.04"]

1. d4 d5 2. c4 e6 3. Nc3 Nf6 4. Bf4 c5 5. Nb5 Qa5+ 6. Qd2 Qxd2+ 7. Bxd2 Na6 8. e3 Bd7 9. Nc3 Bd6 10. cxd5 cxd4 11. dxe6 Bxe6 12. Bb5+ Bd7 13. Bxd7+ Nxd7 14. exd4 Nb4 15. Rd1 Nc2+ 16. Kf1 Nxd4 17. Be3 Nf5 18. Bg5 O-O 19. g4 Be7 20. Bxe7 Nxe7 21. Rxd7 Rfe8 22. Rxb7 Ng6 23. Nge2 Ne5 24. h3 Nd3 25. Kg2 Rab8 26. Rxb8 Rxb8 27. b3 Rb4 28. Rd1 Nf4+ 29. Nxf4 g5 30. Nh5 h6 31. Nd5 Rb8 32. Ndf6+ Kh8 33. Rd7 Rf8 34. Rxa7 Rg8 35. Nxg8 Kxg8 36. Nf6+ Kg7 37. Rc7 Kxf6 38. a4 h5 39. a5 hxg4 40. a6 gxh3+ 41. Kxh3 g4+ 42. Kxg4 Ke5 43. Rc5+ Kd6 44. a7 f5+ 45. Kg3 f4+ 46. Kg4 f3 47. a8=Q Kxc5 48. Qa5+ Kd6 49. Kf4 Kc6 50. Ke4 Kd6 51. Qd5+ Ke7 52. Qc6 Kf7 53. Kf5 Ke7 54. Qe6+ Kd8 55. Qf7 Kc8 56. Ke6 Kb8 57. Kd6 Ka8 58. Kc6 Kb8 59. Qb7# 1-0

[Event "Kranenburg"]
[Site "?"]
[Date "2005.03.28"]
[Round "1.13"]
[White "Karthaeuser Johannes"]
[Black "Deysenroth Patrick"]
[Result "1-0"]
[WhiteElo "1320"]
[BlackElo "882"]
[PlyCount "113"]
[EventDate "2005.??.??"]
[Source "www.chesslib.no"]
[SourceDate "2004.05.04"]

1. d4 d5 2. c4 e6 3. Nc3 Nf6 4. Bf4 Bd6 5. Bxd6 Qxd6 6. e3 Qd8 7. Nf3 Nc6 8. a3 Bd7 9. Be2 O-O 10. O-O dxc4 11. Bxc4 Ne7 12. b4 Bc6 13. Rc1 Ned5 14. Bd3 Nxc3 15. Rxc3 Bxf3 16. Qxf3 Qd5 17. Qg3 Rac8 18. Rxc7 Rxc7 19. Qxc7 Qc6 20. Rc1 Qxc7 21. Rxc7 Rb8 22. g3 Nd5 23. Rc1 g6 24. Kg2 Kg7 25. h4 Nb6 26. Be4 f5 27. Bf3 h6 28. Rc7+ Kf6 29. Bxb7 g5 30. hxg5+ hxg5 31. Bc6 Nc4 32. Rxa7 g4 33. d5 exd5 34. Bxd5 Nb2 35. Ra8 Rb5 36. Bb3 Rb6 37. Rd8 Rc6 38. Rd2 Nc4 39. Bxc4 Rxc4 40. Rd4 Rc2 41. a4 Ra2 42. b5 Rb2 43. Rf4 Kg5 44. e4 fxe4 45. Rxe4 Kf5 46. Rc4 Ra2 47. Kf1 Kg5 48. Rb4 Rc2 49. a5 Rc8 50. a6 Kf6 51. b6 Ke6 52. b7 Rd8 53. b8=Q Rxb8 54. Rxb8 Kd5 55. a7 Ke5 56. a8=Q Kd4 57. Qa5 1-0

[Event "Corr"]
[Site "?"]
[Date "2003.09.02"]
[Round "?"]
[White "Drozdz Andrzej"]
[Black "Mottershead Richard"]
[Result "1-0"]
[WhiteElo "1097"]
[BlackElo "1077"]
[PlyCount "49"]
[EventDate "2003.??.??"]
[Source "www.chesslib.no"]
[SourceDate "2004.05.04"]

1. d4 d5 2. c4 e6 3. Nc3 Nf6 4. Bf4 Bd6 5. e3 Nc6 6. c5 Bxf4 7. exf4 a6 8. a4 Bd7 9. Nf3 O-O 10. Bd3 b6 11. O-O Nb4 12. Ne5 Be8 13. g4 bxc5 14. dxc5 Nc6 15. g5 d4 16. gxf6 Nxe5 17. fxe5 dxc3 18. Qg4 g6 19. Qh4 Kh8 20. Qh6 Rg8 21. Rad1 Qd4 22. Qg5 Bxa4 23. Bc2 Qb4 24. bxc3 Qb5 25. Rd4 1-0

[Event "Corr"]
[Site "?"]
[Date "1999.11.15"]
[Round "?"]
[White "Fiorini Vittorio"]
[Black "Jibouleau Jean"]
[Result "0-1"]
[WhiteElo "1004"]
[BlackElo "1000"]
[PlyCount "48"]
[EventDate "1999.??.??"]
[Source "www.chesslib.no"]
[SourceDate "2004.05.04"]

1. d4 d5 2. c4 e6 3. Nc3 Nf6 4. Bf4 dxc4 5. e3 Nd5 6. Nge2 Bb4 7. Qc2 Bxc3+ 8. bxc3 O-O 9. Bg3 b5 10. e4 Nb6 11. f4 Bb7 12. a3 f5 13. e5 Be4 14. Qd2 a5 15. Bf2 Nc6 16. Ng3 Qd5 17. Rg1 b4 18. Nxe4 Qxe4+ 19. Be2 Nd5 20. Kf1 bxc3 21. Qc1 Nxd4 22. Bxc4 Nc2 23. Bb5 Nxa1 24. Qxa1 c6 0-1

[Event "Schleswig Holstein-chA U14"]
[Site "?"]
[Date "2000.04.16"]
[Round "3"]
[White "Losand Daniel"]
[Black "Reinelt Tilman"]
[Result "0-1"]
[WhiteElo "1156"]
[BlackElo "846"]
[PlyCount "48"]
[EventDate "2000.??.??"]
[Source "www.chesslib.no"]
[SourceDate "2004.05.04"]

1. d4 d5 2. c4 e6 3. Nc3 Nf6 4. Bf4 c6 5. e3 Nbd7 6. Nf3 Qa5 7. a3 Ne4 8. Rc1 Nxc3 9. Rxc3 Bxa3 10. Nd2 Bxb2 11. Rb3 Bc3 12. Bd3 Bxd2+ 13. Qxd2 Qxd2+ 14. Kxd2 O-O 15. Re1 Re8 16. g3 e5 17. dxe5 Nxe5 18. cxd5 cxd5 19. Bb5 Nc6 20. Rd3 Be6 21. Rc1 Rac8 22. Ke2 a6 23. Ba4 b5 24. Bb3 Nd4+ 0-1

[Event "GER-ch U12"]
[Site "Oberhof"]
[Date "1999.05.29"]
[Round "11"]
[White "Siewert, Mathias"]
[Black "Grote, Steffi"]
[Result "0-1"]
[WhiteElo "1055"]
[BlackElo "748"]
[PlyCount "60"]
[EventDate "1999.??.??"]
[Source "www.chesslib.no"]
[SourceDate "2004.05.04"]

1. d4 d5 2. c4 e6 3. Nc3 Nf6 4. Bf4 c5 5. e3 Nc6 6. Nf3 Bd6 7. Ne5 O-O 8. Nxc6 bxc6 9. Bg3 Bxg3 10. hxg3 Qb6 11. Qd2 Rb8 12. b3 Qa5 13. Bd3 Rxb3 14. Rc1 Rb8 15. Qc2 g6 16. Ke2 Ba6 17. cxd5 Bxd3+ 18. Qxd3 cxd4 19. Qxd4 Nxd5 20. Ne4 Qxa2+ 21. Kf3 f6 22. Rh6 Rf7 23. Rch1 Rb2 24. g4 f5 25. Ng5 Rxf2+ 26. Kg3 Rxg2+ 27. Kh3 Qf2 28. Qe5 f4 29. Ne4 Qf3+ 30. Kh4 Qxg4# 0-1

[Event "Niedersachsen-ch U12"]
[Site "?"]
[Date "2000.04.??"]
[Round "7"]
[White "Dorn Matthias"]
[Black "Keuter Sven"]
[Result "0-1"]
[WhiteElo "897"]
[BlackElo "751"]
[PlyCount "50"]
[EventDate "2000.??.??"]
[Source "www.chesslib.no"]
[SourceDate "2004.05.04"]

1. d4 d5 2. c4 e6 3. Nc3 Nf6 4. Bf4 c6 5. cxd5 exd5 6. Nf3 Bb4 7. Rc1 Qa5 8. Qb3 Ne4 9. e3 O-O 10. Bd3 Be6 11. O-O Nd7 12. Nxe4 dxe4 13. Bc4 Nc5 14. dxc5 exf3 15. Bxe6 fxe6 16. Bd6 fxg2 17. Kxg2 Rf6 18. Rc4 Rg6+ 19. Kh1 Bd2 20. Ra4 Qb5 21. Qxb5 cxb5 22. Rd4 Ba5 23. b4 Bd8 24. Rfd1 a5 25. a3 Bf6 0-1

[Event "NDS-chT U14"]
[Site "?"]
[Date "2000.06.18"]
[Round "5.3"]
[White "Seume Nils"]
[Black "Bussas Andreas"]
[Result "0-1"]
[WhiteElo "886"]
[BlackElo "692"]
[PlyCount "88"]
[EventDate "2000.??.??"]
[Source "www.chesslib.no"]
[SourceDate "2004.05.04"]

1. d4 d5 2. c4 e6 3. Nc3 Nf6 4. Bf4 Bb4 5. Qa4+ Nc6 6. O-O-O Bxc3 7. bxc3 Ne4 8. Kc2 Nxf2 9. cxd5 exd5 10. Re1 Nxh1 11. Bg3 Nxg3 12. hxg3 Bf5+ 13. Kb3 O-O 14. Nf3 Qd6 15. e3 Qg6 16. Kb2 Qxg3 17. Qb5 Be4 18. Qe2 b5 19. Nd2 Bd3 20. Qd1 Bxf1 21. Rxf1 b4 22. c4 dxc4 23. Nxc4 Qxg2+ 24. Ka1 b3 25. axb3 Nb4 26. Nb2 Rab8 27. Rg1 Nc2+ 28. Ka2 Nb4+ 29. Ka1 Qf2 30. Rh1 Qxe3 31. Qb1 g6 32. Qd1 Nd5 33. Rh2 Rxb3 34. Qc2 Ra3+ 35. Kb1 Nc3+ 36. Qxc3 Qxc3 37. Rc2 Qa5 38. Rc5 Ra1+ 39. Kc2 Qe1 40. Nd3 Qe2+ 41. Kc3 Ra3+ 42. Kb4 Qxd3 43. d5 Rb8+ 44. Rb5 Rxb5# 0-1